[Event "AUTO-OPEN-2347"]
[Site "http://www.queenalice.com/game.php?id=932023"]
[Date "2011.4.29"]
[Round "1"]
[White "centroid"]
[Black "julin27"]
[Result "1-0"]
[WhiteElo "2078"]
[BlackElo "1100"]

1. d4 d5 2. c4 e6 3. Nf3 Bb4+ 4. Bd2 Bxd2+ 5. Nbxd2 Nf6 6. g3 O-O 7. Bg2 Ne4 8.
O-O Nc6 9. e3 b6 10. Ne5 Nxd2 11. Nxc6 Qd6 12. Qxd2 Qxc6 13. Rac1 dxc4 14. Bxc6
Rb8 15. Bb5 a6 16. Bxc4 b5 17. Bb3 Bb7 18. Rxc7 Be4 19. Rfc1 g6 20. d5 Rbd8 21.
d6 Bf3 22. d7 Ra8 23. Rc8 Rfxc8 24. dxc8=Q+ Rxc8 25. Rxc8+ Kg7 26. Qd4+ f6 27.
Rc7+ Kh6 28. Qf4+ g5 29. Qxf6+ Kh5 30. Rxh7+ 1-0

[Event "AUTO-OPEN-2347"]
[Site "http://www.queenalice.com/game.php?id=932048"]
[Date "2011.4.29"]
[Round "1"]
[White "yannigator"]
[Black "centroid"]
[Result "0-1"]
[WhiteElo "1724"]
[BlackElo "2117"]

1. d4 d6 2. c4 e5 3. dxe5 dxe5 4. Qxd8+ Kxd8 5. Nf3 f6 6. e4 Bb4+ 7. Nbd2 c5 8.
a3 Ba5 9. Be2 Nc6 10. O-O Bg4 11. Rd1 Kc7 12. Nf1 Nge7 13. Ne3 h5 14. Nd5+ Nxd5
15. cxd5 Nd4 16. Nxd4 cxd4 17. Bxg4 hxg4 18. b4 Bb6 19. Bd2 Kd7 20. Rdc1 Rh5 21.
a4 Rah8 22. h3 gxh3 23. g3 h2+ 24. Kh1 f5 25. a5 Bd8 26. b5 Bg5 27. Bxg5 Rxg5
28. b6 axb6 29. axb6 Rb8 30. Rc7+ Kd6 31. Ra7 fxe4 32. Rd7+ Kxd7 0-1

[Event "AUTO-OPEN-2347"]
[Site "http://www.queenalice.com/game.php?id=932049"]
[Date "2011.4.29"]
[Round "1"]
[White "centroid"]
[Black "yannigator"]
[Result "1-0"]
[WhiteElo "2112"]
[BlackElo "1704"]

1. d4 Nf6 2. c4 g6 3. Nf3 Bg7 4. g3 O-O 5. Bg2 d5 6. cxd5 Nxd5 7. O-O Nd7 8. e4
N5b6 9. Qc2 Re8 10. Nc3 e5 11. d5 Nf8 12. Nb5 Re7 13. Be3 Bg4 14. Rfd1 a6 15. d6
cxd6 16. Nxd6 Bxf3 17. Bxf3 Rc7 18. Qb3 Rd7 19. Bxb6 1-0

[Event "AUTO-OPEN-2347"]
[Site "http://www.queenalice.com/game.php?id=932064"]
[Date "2011.4.29"]
[Round "1"]
[White "maurice91"]
[Black "centroid"]
[Result "0-1"]
[WhiteElo "1873"]
[BlackElo "2118"]

1. d4 Nf6 2. c4 e6 3. Nc3 Bb4 4. Qc2 O-O 5. e4 d5 6. exd5 exd5 7. Be3 c6 8. Nf3
Ng4 9. Be2 Qc7 10. a3 Bxc3+ 11. Qxc3 Qe7 12. h3 Nxe3 13. fxe3 dxc4 14. Bxc4 Qd6
15. Kd2 Nd7 16. Rhf1 Kh8 17. Rae1 Nf6 18. Ne5 Ne4+ 19. Kc2 Nxc3 20. Kxc3 Be6 21.
Bxe6 Qxe6 0-1

[Event "AUTO-OPEN-2347"]
[Site "http://www.queenalice.com/game.php?id=932065"]
[Date "2011.4.29"]
[Round "1"]
[White "centroid"]
[Black "maurice91"]
[Result "1-0"]
[WhiteElo "2124"]
[BlackElo "1867"]

1. d4 d5 2. c4 c6 3. Nc3 Nf6 4. e3 e6 5. Qc2 Na6 6. a3 Nc7 7. Nf3 Be7 8. Bd3 h6
9. O-O Bd7 10. Ne5 dxc4 11. Bxc4 Nfd5 12. e4 Nb6 13. Bb3 Bf6 14. Bf4 Bc8 15.
Rad1 Nd7 16. Nxd7 Qxd7 17. Bxc7 Qxc7 18. e5 Be7 19. Rfe1 O-O 20. Qd3 b6 21. Bc2
f5 22. exf6 Rxf6 23. Qh7+ Kf7 24. Re3 Qf4 25. Rf3 Qg5 26. Ne4 Qg6 27. Qxg6+ Kxg6
28. Nxf6+ Kg5 29. Nh7+ 1-0

[Event "Let's Play Chess!"]
[Site "http://www.queenalice.com/game.php?id=933524"]
[Date "2011.5.3"]
[Round "-"]
[White "centroid"]
[Black "Xmen"]
[Result "0-1"]
[WhiteElo "2102"]
[BlackElo "2155"]

1. d4 d5 2. c4 c6 3. Nc3 e6 4. e4 dxe4 5. Nxe4 Bb4+ 6. Nc3 c5 7. a3 Bxc3+ 8.
bxc3 Qa5 9. Bd2 Nf6 10. Qc2 Bd7 11. Nf3 Nc6 12. Be2 O-O 13. O-O Ne7 14. Ne5 Ng6
15. Qd3 Qc7 16. Bg5 Nxe5 17. dxe5 Qxe5 18. Bxf6 gxf6 19. f4 Qc7 20. Qg3+ Kh8 21.
Qh4 Qd8 22. f5 exf5 23. Rf3 Rg8 24. Rd1 Qe7 25. Bd3 Bc6 26. Rh3 Rg7 27. Re1 Qf8
28. Qxf6 Bxg2 29. Rg3 Bh3 30. Kf2 Bg4 31. Reg1 Qb8 32. Ke3 Qc7 33. Bxf5 Re8+ 34.
Kd3 Qd8+ 35. Qxd8 Bxf5+ 0-1

[Event "Let's Play Chess!"]
[Site "http://www.queenalice.com/game.php?id=933629"]
[Date "2011.5.3"]
[Round "-"]
[White "Xmen"]
[Black "centroid"]
[Result "1-0"]
[WhiteElo "2141"]
[BlackElo "2128"]

1. Nc3 c5 2. Nf3 Nf6 3. e4 d6 4. d4 Nbd7 5. Be2 e5 6. dxe5 dxe5 7. Bb5 Qc7 8.
Bg5 a6 9. Bxf6 axb5 10. Bh4 g6 11. O-O Qc6 12. Nxe5 Qe6 13. Nxb5 Qb6 14. Qd5
Nxe5 15. Qxe5+ 1-0

[Event "AUTO-OPEN-2352"]
[Site "http://www.queenalice.com/game.php?id=934339"]
[Date "2011.5.5"]
[Round "1"]
[White "Givanildo"]
[Black "centroid"]
[Result "0-1"]
[WhiteElo "1666"]
[BlackElo "2118"]

1. e4 c5 2. d4 cxd4 3. Qxd4 Nc6 4. Qc3 e5 5. a3 d5 6. Bb5 d4 7. Bxc6+ bxc6 8.
Qxc6+ Bd7 9. Qd5 f6 10. Nf3 Ne7 11. Qc4 Rc8 12. Qd3 Qc7 13. c3 Qb6 14. Bd2 Qxb2
15. O-O Bb5 16. Ra2 Qb3 17. Qc2 Qxc2 18. Rxc2 Bxf1 19. Kxf1 Rb8 20. Rc1 Nc6 21.
cxd4 Nxd4 22. Nxd4 exd4 23. f3 Bd6 24. a4 Bxh2 25. Na3 h5 26. Nc4 O-O 27. e5
fxe5 28. Nxe5 Bxe5 29. Rc5 Bg3 30. Rg5 Rb1+ 31. Ke2 Re8+ 32. Kd3 h4 33. Rg6 Bf2
34. Bh6 Kh7 35. Rxg7+ Kxh6 36. Rxa7 Rb3+ 37. Kc4 Rc3+ 38. Kb4 Rb8+ 39. Ka5 Rc5+
40. Ka6 Rc6+ 41. Ka5 Be1# 0-1

[Event "AUTO-OPEN-2352"]
[Site "http://www.queenalice.com/game.php?id=934340"]
[Date "2011.5.5"]
[Round "1"]
[White "centroid"]
[Black "Givanildo"]
[Result "1-0"]
[WhiteElo "2116"]
[BlackElo "1552"]

1. e4 e5 2. Nf3 Qf6 3. d4 d6 4. Bg5 Qg6 5. dxe5 Qxe4+ 6. Be2 d5 7. O-O Bg4 8.
Nc3 Qf5 9. Nxd5 Na6 10. Bxa6 Bxf3 11. Nxc7# 1-0

[Event "AUTO-OPEN-2352"]
[Site "http://www.queenalice.com/game.php?id=934372"]
[Date "2011.5.5"]
[Round "1"]
[White "centroid"]
[Black "power2010"]
[Result "0-1"]
[WhiteElo "2089"]
[BlackElo "2021"]

1. d4 Nc6 2. Nf3 d5 3. g3 Bf5 4. Bg2 Nb4 5. Na3 e6 6. O-O Nf6 7. c3 Nc6 8. Qa4
Qd7 9. Qb3 Bxa3 10. bxa3 O-O 11. Ne5 Nxe5 12. dxe5 Ne4 13. f3 Nc5 14. Qb2 Na4
15. Qd2 Qc6 16. g4 Bg6 17. h4 Qxc3 18. h5 Bc2 19. Qxc3 Nxc3 20. Re1 Ba4 21. Bd2
Nb5 22. Bb4 Rfe8 23. g5 a5 24. Bd2 Nxa3 25. Rac1 c6 26. Bc3 c5 27. f4 Bc6 28. e4
Nc4 29. f5 b5 30. Kf2 d4 31. Ba1 Nxe5 0-1

[Event "AUTO-OPEN-2352"]
[Site "http://www.queenalice.com/game.php?id=934373"]
[Date "2011.5.5"]
[Round "1"]
[White "power2010"]
[Black "centroid"]
[Result "1-0"]
[WhiteElo "1945"]
[BlackElo "2119"]

1. Nf3 d5 2. g3 g6 3. Bg2 Bg7 4. O-O Nf6 5. c4 dxc4 6. Qa4+ c6 7. Qxc4 Be6 8.
Qc2 O-O 9. Ng5 Bc8 10. Nc3 Nd5 11. Qb3 e6 12. d3 h6 13. Nge4 f5 14. Nd2 b5 15.
a4 Bb7 16. axb5 Nxc3 17. bxc3 Qc7 18. Qxe6+ Kh7 19. Rb1 Bxc3 20. Nc4 Bc8 21. Qd6
Rf7 22. Qxc7 Rxc7 23. Bf4 Re7 24. bxc6 Na6 25. c7 Nxc7 26. Bxc7 Rxc7 27. Bxa8
1-0

[Event "AUTO-OPEN-2347"]
[Site "http://www.queenalice.com/game.php?id=964986"]
[Date "2011.7.26"]
[Round "2"]
[White "beckhamf2000"]
[Black "centroid"]
[Result "1-0"]
[WhiteElo "1906"]
[BlackElo "2103"]

1. d4 d5 2. c4 Nf6 3. cxd5 Qxd5 4. Nc3 Qa5 5. Bd2 Bd7 6. e4 e5 7. d5 c6 8. Nf3
Qc7 9. Bd3 Bb4 10. Qb3 Bd6 11. O-O h6 12. Rac1 O-O 13. Nb5 cxb5 14. Rxc7 Bxc7
15. Rc1 Bd6 16. Bb4 Bxb4 17. Qxb4 a5 18. Qd6 Ra6 19. Qxe5 Re8 20. Qg3 Nxe4 21.
Bxe4 f5 22. Bd3 Rf6 23. Rc7 f4 24. Qh4 g5 25. Qh5 Re7 26. Rxb7 Na6 27. Bxb5 Nc5
28. Rb8+ Kg7 29. Bxd7 Nxd7 30. Re8 Ref7 31. h4 Nf8 32. hxg5 Rf5 33. Qxh6+ Kg8
34. Ne5 1-0

[Event "AUTO-OPEN-2347"]
[Site "http://www.queenalice.com/game.php?id=964987"]
[Date "2011.7.26"]
[Round "2"]
[White "centroid"]
[Black "beckhamf2000"]
[Result "1-0"]
[WhiteElo "2080"]
[BlackElo "1934"]

1. d4 Nf6 2. c4 e6 3. Nf3 Bb4+ 4. Nbd2 d5 5. Qa4+ Nc6 6. a3 Bd6 7. g3 O-O 8. Bg2
Bd7 9. c5 Be7 10. O-O b6 11. cxb6 axb6 12. Qc2 Bd6 13. e4 Ng4 14. h3 Nh6 15. e5
Be7 16. Rd1 f6 17. Nf1 fxe5 18. dxe5 Nf7 19. Re1 Bc5 20. Be3 Bxe3 21. Rxe3 Ne7
22. Rc3 c5 23. Qe2 Nc6 24. Re1 Qc7 25. Rcc1 Ra4 26. N1d2 Rb8 27. Nb3 Re4 28. Qd2
Rxe1+ 29. Rxe1 Ncxe5 30. Nxe5 Nxe5 31. Qf4 Rf8 32. Qxe5 Qxe5 33. Rxe5 Rf5 34.
Rxf5 exf5 35. Bxd5+ Kf8 36. Nd2 b5 37. b3 Ke7 38. Bg8 h6 39. b4 c4 40. Nb1 Bc6
41. f4 Be8 42. Bd5 Kd6 43. Nc3 g5 44. Kf2 Bh5 45. Ke3 g4 46. h4 Be8 47. Kd4 Bd7
48. a4 bxa4 49. Bxc4 a3 50. Nb1 Bb5 51. Nxa3 1-0